Giám sát thực hiện nghị quyết số 30a/2008/NQ-CP : Kết quả khảo sát tại Nghệ An,Thanh Hóa và Lai Châu
Nghiên cứu khảo sát người dân về việc thực hiện nghị quyết 30a/2008/NQ-CP.
Guardat en:
| Autor principal: | |
|---|---|
| Format: | Llibre |
| Idioma: | Undetermined |
| Publicat: |
Hà Nội
Thế giới
2012
|
| Matèries: | |
| Etiquetes: |
Afegir etiqueta
Sense etiquetes, Sigues el primer a etiquetar aquest registre!
|
| Thư viện lưu trữ: | Trung tâm Học liệu Trường Đại học Cần Thơ |
|---|
| LEADER | 00777nam a2200205Ia 4500 | ||
|---|---|---|---|
| 001 | CTU_211128 | ||
| 008 | 210402s9999 xx 000 0 und d | ||
| 082 | |a 353.5332 | ||
| 082 | |b S100 | ||
| 100 | |a Lê, Kim Sa | ||
| 245 | 0 | |a Giám sát thực hiện nghị quyết số 30a/2008/NQ-CP : | |
| 245 | 0 | |b Kết quả khảo sát tại Nghệ An,Thanh Hóa và Lai Châu | |
| 245 | 0 | |c Lê Kim Sa | |
| 260 | |a Hà Nội | ||
| 260 | |b Thế giới | ||
| 260 | |c 2012 | ||
| 520 | |a Nghiên cứu khảo sát người dân về việc thực hiện nghị quyết 30a/2008/NQ-CP. | ||
| 650 | |a Chính sách xã hội,Social policy | ||
| 904 | |i Lê Thị Giàu,Hải | ||
| 980 | |a Trung tâm Học liệu Trường Đại học Cần Thơ | ||